'Raiders of the Lost Ark' Start to Finish Quiz Stats

 Plays Quiz Updated Dec 28, 2018

Support Sporcle.
Go Orange.
Score 0/10 Timer 04:00
0 Plays Today
% Correct
???
100%
???
92.2%
???
82.8%
???
76.3%
???
48.5%
???
43.1%
???
26.6%
???
22.6%
???
22.3%
???
22.2%

From the Vault

The 'Gladiator' Speech

by jdfulp

Movies 2m
Are you not entertained?
Remove Ads.
Support Sporcle.
Get the best of Sporcle when you Go Orange. This ad-free experience offers more features, more stats, and more fun while also helping to support Sporcle. Thank you for becoming a member.

Show Comments

Extras

Top Quizzes Today


Score Distribution

Your Account Isn't Verified!

In order to create a playlist on Sporcle, you need to verify the email address you used during registration. Go to your Sporcle Settings to finish the process.

Report this User

Report this user for behavior that violates our Community Guidelines.

Details: